| 000 | 00433nam a22001577a 4500 | ||
|---|---|---|---|
| 005 | 20241108164051.0 | ||
| 008 | 241108b |||||||| |||| 00| 0 eng d | ||
| 020 | _a9780333998663 | ||
| 050 |
_aQA76.9 _b.A73 |
||
| 100 | _aBurrell, Mark | ||
| 245 |
_aFundamentals of Computer Architecture/ _cMark Burrell |
||
| 260 |
_aNew York _bPalgrave Macmillan _c2004 |
||
| 300 | _axxi.480p. | ||
| 650 | _2Computer Architecture | ||
| 942 |
_2lcc _cBK _n0 |
||
| 999 |
_c916 _d916 |
||